Welcome to WEB OPAC of MRSPTU Central Library

Mechanical behaviour and testing of materials (Record no. 5896)

MARC details
000 -LEADER
fixed length control field 00478nam a2200181Ia 4500
008 - FIXED-LENGTH DATA ELEMENTS--GENERAL INFORMATION
fixed length control field 230711s9999||||xx |||||||||||||| ||und||
020 ## - INTERNATIONAL STANDARD BOOK NUMBER
International Standard Book Number 978-81-203-4250-7
041 ## - LANGUAGE CODE
Language code of text/sound track or separate title ENG
082 ## - DEWEY DECIMAL CLASSIFICATION NUMBER
Classification number 620.1123029
Item number BH-M
100 ## - MAIN ENTRY--PERSONAL NAME
Personal name Bhargava A.K
245 #0 - TITLE STATEMENT
Title Mechanical behaviour and testing of materials
250 ## - EDITION STATEMENT
Edition statement 1st Ed.
260 ## - PUBLICATION, DISTRIBUTION, ETC.
Date of publication, distribution, etc. 2011
Place of publication, distribution, etc. New Delhi
Name of publisher, distributor, etc. PHI Learning Private Limited
300 ## - PHYSICAL DESCRIPTION
Extent 562p.
650 ## - SUBJECT ADDED ENTRY--TOPICAL TERM
Topical term or geographic name entry element Mechanical Engineering
700 ## - ADDED ENTRY--PERSONAL NAME
Personal name Sharma,C.P
942 ## - ADDED ENTRY ELEMENTS (KOHA)
Koha item type Book
Holdings
Withdrawn status Lost status Damaged status Not for loan Collection Home library Current library Date acquired Cost, normal purchase price Inventory number Total checkouts Full call number Barcode Date last seen Price effective from Koha item type
          MRSPTU Central Library MRSPTU Central Library   425.00 742483   620.1123029 BH-M 31711 08/17/2023 08/17/2023 Book
          MRSPTU Central Library MRSPTU Central Library   425.00 742483   620.1123029 BH-M 31712 08/17/2023 08/17/2023 Book
          MRSPTU Central Library MRSPTU Central Library   425.00 742483   620.1123029 BH-M 31713 08/17/2023 08/17/2023 Book
          MRSPTU Central Library MRSPTU Central Library   425.00 742483   620.1123029 BH-M 31714 08/17/2023 08/17/2023 Book
          MRSPTU Central Library MRSPTU Central Library   425.00 742483   620.1123029 BH-M 31715 08/17/2023 08/17/2023 Book
          MRSPTU Central Library MRSPTU Central Library   425.00 742483   620.1123029 BH-M 31716 08/17/2023 08/17/2023 Book
          MRSPTU Central Library MRSPTU Central Library 09/01/2043       620.1123029 BH-M 39829 08/17/2023 08/17/2023 Book
          MRSPTU Central Library MRSPTU Central Library 09/01/2043       620.1123029 BH-M 39830 08/17/2023 08/17/2023 Book
          MRSPTU Central Library MRSPTU Central Library 09/01/2043       620.1123029 BH-M 39831 08/17/2023 08/17/2023 Book
          MRSPTU Central Library MRSPTU Central Library 09/01/2043       620.1123029 BH-M 39832 08/17/2023 08/17/2023 Book
          MRSPTU Central Library MRSPTU Central Library 09/01/2043       620.1123029 BH-M 39833 08/17/2023 08/17/2023 Book
          MRSPTU Central Library MRSPTU Central Library 09/01/2043       620.1123029 BH-M 39834 08/17/2023 08/17/2023 Book

Website Designed and Developed by MRSPTU Central Library Team

E-mail Id: librarian@mrsptu.ac.in